[Event "TCh-TUR Super League 2014"]
[Site "Kocaeli TUR"]
[Date "2014.08.22"]
[Round "5.1"]
[Board "1"]
[White "Alekseev, Evgeny"]
[Black "Grachev, Boris"]
[Result "1/2-1/2"]
[WhiteTitle "GM"]
[BlackTitle "GM"]
[WhiteElo "2675"]
[BlackElo "2672"]
[WhiteTeam "Antalya Calli Spor Kulubu"]
[BlackTeam "Akdeniz Belediyesi Spor Kulubu"]
[WhiteFideId "4138147"]
[BlackFideId "4129199"]
[EventDate "2014.08.18"]

1. e4 e5 2. Nf3 Nc6 3. Bb5 Nf6 4. O-O Nxe4 5. d4 Nd6 6. Bxc6 dxc6 7. dxe5 Nf5 8.
Qxd8+ Kxd8 9. Nc3 Ke8 10. h3 h5 11. Bf4 Be7 12. Rad1 Be6 13. Ng5 Rh6 14. g3 Bxg5
15. Bxg5 Rg6 16. h4 f6 17. exf6 gxf6 18. Bf4 Nxh4 19. f3 Rd8 20. Kf2 Rxd1 21.
Nxd1 Nf5 22. Rh1 Bxa2 23. Rxh5 Be6 24. Bxc7 Rh6 25. Rxh6 Nxh6 26. g4 1/2-1/2

[Event "TCh-TUR Super League 2014"]
[Site "Kocaeli TUR"]
[Date "2014.08.22"]
[Round "5.1"]
[Board "2"]
[White "Filippov, Anton UZB"]
[Black "Safarli, Eltaj"]
[Result "1/2-1/2"]
[WhiteTitle "GM"]
[BlackTitle "GM"]
[WhiteElo "2615"]
[BlackElo "2649"]
[WhiteTeam "Akdeniz Belediyesi Spor Kulubu"]
[BlackTeam "Antalya Calli Spor Kulubu"]
[WhiteFideId "14200988"]
[BlackFideId "13402129"]
[EventDate "2014.08.18"]

1. e4 e5 2. Nf3 Nc6 3. Bb5 a6 4. Ba4 d6 5. Bxc6+ bxc6 6. d4 exd4 7. Qxd4 Nf6 8.
O-O Be7 9. c4 O-O 10. Nc3 Bg4 11. Qd3 Bxf3 12. Qxf3 Nd7 13. Qd3 Bf6 14. Be3 Re8
15. f3 Be5 16. Qd2 Qf6 17. Rac1 Qe6 18. b3 f5 19. Bd4 a5 20. Bxe5 Qxe5 21. exf5
Qxf5 22. Ne4 Nc5 23. Nxc5 1/2-1/2

[Event "TCh-TUR Super League 2014"]
[Site "Kocaeli TUR"]
[Date "2014.08.22"]
[Round "5.1"]
[Board "3"]
[White "Yurtseven, Melih"]
[Black "Annaberdiev, Meilis"]
[Result "0-1"]
[BlackTitle "IM"]
[WhiteElo "2271"]
[BlackElo "2439"]
[WhiteTeam "Antalya Calli Spor Kulubu"]
[BlackTeam "Akdeniz Belediyesi Spor Kulubu"]
[WhiteFideId "6312160"]
[BlackFideId "14000563"]
[EventDate "2014.08.18"]

1. Nf3 d5 2. c4 c6 3. b3 Bf5 4. Bb2 e6 5. e3 Nd7 6. Be2 h6 7. O-O Ngf6 8. d3 Be7
9. Nbd2 O-O 10. Re1 a5 11. a3 Bh7 12. cxd5 exd5 13. Bf1 Re8 14. Qc2 Bd6 15. Bd4
c5 16. Bb2 a4 17. e4 axb3 18. Qxb3 c4 19. Qa2 Qc7 20. Rac1 Ng4 21. g3 b5 22.
dxc4 dxc4 23. Nxc4 bxc4 24. Bxc4 Nc5 25. Bd5 Rac8 26. e5 Bxe5 27. Nxe5 Nxe5 28.
Bd4 Ned3 29. Rxe8+ Rxe8 30. Rc3 Qd7 31. Bxc5 Re1+ 32. Kg2 Re5 33. Bd4 Rxd5 34.
Rc8+ Qxc8 35. Qxd5 Bg6 36. a4 Ne1+ 37. Kg1 Qg4 38. Bc3 Nf3+ 39. Kf1 Nxh2+ 0-1

[Event "TCh-TUR Super League 2014"]
[Site "Kocaeli TUR"]
[Date "2014.08.22"]
[Round "5.1"]
[Board "4"]
[White "Annaberdiyev, Babageldi"]
[Black "Mollaoglu, Ergin"]
[Result "1-0"]
[WhiteTitle "FM"]
[BlackTitle "IM"]
[WhiteElo "2238"]
[BlackElo "2349"]
[WhiteTeam "Akdeniz Belediyesi Spor Kulubu"]
[BlackTeam "Antalya Calli Spor Kulubu"]
[WhiteFideId "14000385"]
[BlackFideId "2900343"]
[EventDate "2014.08.18"]

1. Nf3 Nf6 2. d4 g6 3. Bg5 Bg7 4. Nbd2 d5 5. e3 O-O 6. Bd3 c5 7. c3 Qb6 8. Rb1
Nc6 9. O-O Re8 10. b4 c4 11. Bc2 Bf5 12. Bxf6 Bxf6 13. e4 dxe4 14. Bxe4 Bxe4 15.
Nxe4 Qd8 16. b5 Na5 17. Qa4 b6 18. Rfe1 Qd5 19. Re2 Bg7 20. Rbe1 e6 21. Ned2
Rac8 22. Ne5 f6 23. Ng4 Qf5 24. f3 h5 25. Nf2 Qd5 26. Nd1 Bh6 27. Ne4 Kf7 28.
Ne3 Bxe3+ 29. Rxe3 Qd7 30. R3e2 Red8 31. Qa3 Qe7 32. Qc1 Kg7 33. Ng5 e5 34. Nh3
Rd5 35. Nf4 Rxb5 36. a4 Rb3 37. dxe5 f5 38. Rd2 Nb7 39. Qd1 Nc5 40. Rd6 Rxc3 41.
Nd5 Qh4 42. Nxc3 Nd3 43. Rd7+ Kf8 44. g3 Qg5 45. f4 Nxf4 46. Qd2 1-0

[Event "TCh-TUR Super League 2014"]
[Site "Kocaeli TUR"]
[Date "2014.08.22"]
[Round "5.1"]
[Board "5"]
[White "Ertan, Can"]
[Black "Dogan, Nazmi Can"]
[Result "1/2-1/2"]
[WhiteTitle "FM"]
[WhiteElo "2246"]
[BlackElo "2135"]
[WhiteTeam "Antalya Calli Spor Kulubu"]
[BlackTeam "Akdeniz Belediyesi Spor Kulubu"]
[WhiteFideId "6306330"]
[BlackFideId "6309658"]
[EventDate "2014.08.18"]

1. e4 c5 2. Nf3 d6 3. d4 cxd4 4. Nxd4 Nf6 5. Nc3 g6 6. Be2 Bg7 7. O-O O-O 8. Be3
Nc6 9. Kh1 d5 10. exd5 Nxd5 11. Nxd5 Qxd5 12. Bf3 Qc4 13. Nxc6 bxc6 14. c3 Be6
15. b3 Qa6 16. Qe2 Qxe2 17. Bxe2 Bxc3 18. Rac1 Ba5 19. Rxc6 Bb6 20. Bf3 Rac8 21.
Rfc1 Bxe3 22. fxe3 Kg7 23. Kg1 Rfd8 24. Kf1 Rxc6 25. Rxc6 Rd6 26. Ke2 Rxc6 27.
Bxc6 Kf6 28. Kd3 Ke5 29. Kc3 f5 30. a4 Bc8 31. b4 Kd6 32. Bb5 Bb7 33. Bf1 e5 34.
Kc4 g5 35. g3 Bc8 36. a5 Ba6+ 37. b5 Bb7 38. Bd3 Bc8 39. Kb4 h6 40. b6 axb6 41.
axb6 f4 42. Be4 Bg4 43. exf4 exf4 44. Kc3 fxg3 45. hxg3 h5 46. Kb4 h4 47. Ka5
Be2 48. gxh4 gxh4 49. Bg2 Bd3 50. Bh3 Be2 51. Bc8 Bf1 52. Ba6 Bg2 53. Bc8 1/2-1/2

[Event "TCh-TUR Super League 2014"]
[Site "Kocaeli TUR"]
[Date "2014.08.22"]
[Round "5.1"]
[Board "6"]
[White "Yildiz, Betul Cemre"]
[Black "Mammadova, Gulnar"]
[Result "1/2-1/2"]
[WhiteTitle "WGM"]
[BlackTitle "WGM"]
[WhiteElo "2296"]
[BlackElo "2334"]
[WhiteTeam "Akdeniz Belediyesi Spor Kulubu"]
[BlackTeam "Antalya Calli Spor Kulubu"]
[WhiteFideId "6302920"]
[BlackFideId "13403508"]
[EventDate "2014.08.18"]

1. d4 d5 2. c4 c6 3. cxd5 cxd5 4. Nc3 Nf6 5. Bf4 Nc6 6. e3 a6 7. Bd3 g6 8. h3
Bg7 9. Nf3 O-O 10. Rc1 Bd7 11. O-O b5 12. Ne5 Rc8 13. Qf3 Be6 14. a4 Nxe5 15.
Bxe5 b4 16. Ne2 Qa5 17. Bxf6 Bxf6 18. b3 Rxc1 19. Rxc1 Rc8 20. Rxc8+ 1/2-1/2

[Event "TCh-TUR Super League 2014"]
[Site "Kocaeli TUR"]
[Date "2014.08.22"]
[Round "5.1"]
[Board "7"]
[White "Sari, Yasin"]
[Black "Koksal, Ege"]
[Result "1/2-1/2"]
[BlackTitle "CM"]
[WhiteElo "2076"]
[BlackElo "2219"]
[WhiteTeam "Antalya Calli Spor Kulubu"]
[BlackTeam "Akdeniz Belediyesi Spor Kulubu"]
[WhiteFideId "6320902"]
[BlackFideId "6317626"]
[EventDate "2014.08.18"]

1. e4 e5 2. f4 Nf6 3. fxe5 Nxe4 4. Nf3 Ng5 5. d4 Nxf3+ 6. Qxf3 Qh4+ 7. Qf2 Qxf2+
8. Kxf2 Nc6 9. c3 d6 10. exd6 Bxd6 11. Nd2 Bf5 12. Nc4 Be7 13. d5 Bc5+ 14. Be3
Bxe3+ 15. Nxe3 Ne7 16. Nxf5 Nxf5 17. Bd3 Ne7 18. Rhe1 Kd7 19. c4 Rae8 20. Re3
Ng6 21. Rae1 Rxe3 22. Rxe3 Kd6 23. Bxg6 hxg6 24. Kg3 Rh5 25. Re8 b5 26. Rd8+ Ke7
27. Rc8 Kd7 28. Rf8 Ke7 29. Rc8 Kd7 30. Rf8 Ke7 1/2-1/2

[Event "TCh-TUR Super League 2014"]
[Site "Kocaeli TUR"]
[Date "2014.08.22"]
[Round "5.1"]
[Board "8"]
[White "Aslan, Cagla Yaren"]
[Black "Durmaz, Ayca Fatma"]
[Result "1/2-1/2"]
[BlackTitle "WCM"]
[WhiteElo "1760"]
[BlackElo "1867"]
[WhiteTeam "Akdeniz Belediyesi Spor Kulubu"]
[BlackTeam "Antalya Calli Spor Kulubu"]
[WhiteFideId "6324878"]
[BlackFideId "6317855"]
[EventDate "2014.08.18"]

1. e4 c5 2. Nf3 Nc6 3. d3 g6 4. g3 Bg7 5. Bg2 e6 6. O-O Nge7 7. c3 d5 8. Qe2 O-O
9. e5 Rb8 10. h4 b5 11. Bf4 Ba6 12. a3 d4 13. Rd1 Nd5 14. h5 Nxf4 15. gxf4 Bb7
16. Nbd2 Bh6 17. Ne4 Bxf4 18. Nxc5 dxc3 19. Nxb7 Rxb7 20. bxc3 Rc7 21. d4 Ne7
22. Nd2 Nd5 23. Ne4 Nxc3 24. Nxc3 Rxc3 25. Qg4 Qg5 26. Qxg5 Bxg5 27. hxg6 hxg6
28. d5 exd5 29. Rxd5 Bh4 30. Rxb5 Rc2 31. Rd1 Bxf2+ 32. Kf1 Bb6 33. Bd5 Kg7 34.
a4 Re8 35. Bb3 Rf2+ 36. Ke1 Rf5 37. Rdd5 Bc7 38. Rd7 Bxe5 39. Rbb7 Bg3+ 40. Kd1
Re1+ 41. Kc2 Ref1 42. Rxa7 g5 43. a5 Be1 44. a6 Rc5+ 45. Kd3 Rf3+ 46. Ke2 Rxb3
47. Rxf7+ Kg6 48. Kxe1 Ra5 49. Rfb7 Rba3 50. Rb6+ Kf5 51. Rg7 Ke5 1/2-1/2

[Event "TCh-TUR Super League 2014"]
[Site "Kocaeli TUR"]
[Date "2014.08.22"]
[Round "5.1"]
[Board "9"]
[White "Tasdogen, Dincer"]
[Black "Altundal, Aram"]
[Result "1/2-1/2"]
[WhiteElo "1797"]
[BlackElo "1795"]
[WhiteTeam "Antalya Calli Spor Kulubu"]
[BlackTeam "Akdeniz Belediyesi Spor Kulubu"]
[WhiteFideId "6367097"]
[BlackFideId "6353711"]
[EventDate "2014.08.18"]

1. e4 c5 2. Ne2 d6 3. c4 Nf6 4. Nbc3 g6 5. d4 cxd4 6. Nxd4 Bg7 7. Be2 O-O 8. O-O
Nc6 9. Be3 Bd7 10. f3 Nxd4 11. Bxd4 a5 12. b3 Bc6 13. Qd2 Nd7 14. Be3 Nc5 15.
Rab1 Qb6 16. Rfc1 Rfc8 17. Qb2 Qd8 18. Qd2 Qf8 19. Nd5 Bxd5 20. exd5 Qe8 21. Re1
Qd7 22. Bxc5 dxc5 23. Bd3 Qd6 24. a4 Rd8 25. Rbd1 Bf6 26. Qe2 b6 27. Qe4 Ra7 28.
Bc2 Kg7 29. Qg4 Rb7 30. Qg3 Rbd7 31. Qxd6 exd6 32. Kf1 Kf8 33. Re4 1/2-1/2

[Event "TCh-TUR Super League 2014"]
[Site "Kocaeli TUR"]
[Date "2014.08.22"]
[Round "5.1"]
[Board "10"]
[White "Temel, Burcu Melis"]
[Black "Altinoz, Fevziye Ece"]
[Result "1/2-1/2"]
[WhiteElo "1753"]
[BlackElo "1488"]
[WhiteTeam "Akdeniz Belediyesi Spor Kulubu"]
[BlackTeam "Antalya Calli Spor Kulubu"]
[WhiteFideId "6345492"]
[BlackFideId "6358942"]
[EventDate "2014.08.18"]

1. e4 c5 2. Ne2 d6 3. c4 Nf6 4. Nbc3 g6 5. d4 cxd4 6. Nxd4 Bg7 7. Be2 O-O 8. Be3
Nbd7 9. O-O Nc5 10. f3 Ne6 11. Qd2 Nxd4 12. Bxd4 Be6 13. b4 Qc8 14. Rac1 Rd8 15.
Nd5 Bxd5 16. cxd5 Qd7 17. Rc2 Rdc8 18. Rfc1 Rxc2 19. Qxc2 Bh6 20. Rb1 Rc8 21.
Qb3 b5 22. Bd3 Qb7 23. a4 Bg7 24. h3 Nh5 25. Bxg7 Kxg7 26. Bxb5 Qb6+ 27. Kh2 Kg8
28. Rf1 Qd4 29. Bc6 Qe5+ 30. Kg1 Qd4+ 31. Kh2 Qe5+ 32. Kg1 Qd4+ 33. Kh2 Qe5+ 1/2-1/2

[Event "TCh-TUR Super League 2014"]
[Site "Kocaeli TUR"]
[Date "2014.08.22"]
[Round "5.2"]
[Board "2"]
[White "Benidze, Davit"]
[Black "Duman, Aydin"]
[Result "1-0"]
[WhiteTitle "GM"]
[WhiteElo "2458"]
[BlackElo "2244"]
[WhiteTeam "Kahramanmaras Buyuksehir Belediyesi Spor Kulubu"]
[BlackTeam "Mersin Ezgi Satranc Kulubu"]
[WhiteFideId "13603086"]
[BlackFideId "6301304"]
[EventDate "2014.08.18"]

1. d3 g6 2. Nf3 Bg7 3. g3 d6 4. Bg2 e5 5. O-O f5 6. c4 Nf6 7. Nc3 O-O 8. c5 Nc6
9. cxd6 cxd6 10. Bg5 Be6 11. Nd2 Ne7 12. Bxb7 Rb8 13. Bg2 d5 14. Na4 Qa5 15. b3
h6 16. Bxf6 Bxf6 17. d4 exd4 18. Rc1 Rfc8 19. Nf3 Bd7 20. Rxc8+ Rxc8 21. Nxd4
Bxa4 22. bxa4 Rc4 23. Nb3 Qd8 24. a5 d4 25. Qd2 Kh7 26. e3 Qh8 27. exd4 Bxd4 28.
Qd3 Ra4 29. Re1 Bf6 30. Qd7 Rxa2 31. Rxe7+ Bxe7 32. Qxe7+ Qg7 33. Qe3 Qf7 34.
Bf1 Ra3 35. Bc4 Qd7 36. a6 h5 37. Qf3 Kh6 38. Qf4+ g5 39. Qc1 Qe7 40. h4 Ra4 41.
Nd4 Kg6 42. Nxf5 Qf6 43. Bd3 Qa1 44. Ne3+ Kg7 45. Qxa1+ Rxa1+ 46. Kg2 gxh4 47.
Nf5+ Kf6 48. Nxh4 Ra3 49. Be2 Ra2 50. Kf3 Ra3+ 51. Ke4 Ra2 52. Ke3 Ra3+ 53. Bd3
Kg5 54. Nf3+ 1-0

[Event "TCh-TUR Super League 2014"]
[Site "Kocaeli TUR"]
[Date "2014.08.22"]
[Round "5.2"]
[Board "4"]
[White "Isik, Engin Yasar"]
[Black "Sengul, Cengiz"]
[Result "1/2-1/2"]
[WhiteElo "2232"]
[BlackElo "2201"]
[WhiteTeam "Kahramanmaras Buyuksehir Belediyesi Spor Kulubu"]
[BlackTeam "Mersin Ezgi Satranc Kulubu"]
[WhiteFideId "6301886"]
[BlackFideId "6302785"]
[EventDate "2014.08.18"]

1. d4 Nf6 2. Nc3 d5 3. Bf4 Bf5 4. f3 e6 5. g4 Bg6 6. h4 h6 7. e3 Bd6 8. Bd3 Bxf4
9. exf4 Bxd3 10. Qxd3 Qd6 11. f5 Nc6 12. Nb5 Qd7 13. fxe6 Qxe6+ 14. Qe2 O-O-O
15. Qxe6+ fxe6 16. O-O-O a6 17. Nc3 e5 18. Nge2 1/2-1/2

[Event "TCh-TUR Super League 2014"]
[Site "Kocaeli TUR"]
[Date "2014.08.22"]
[Round "5.2"]
[Board "5"]
[White "Hajiyev, Shahin"]
[Black "Erden, Kadir"]
[Result "1/2-1/2"]
[WhiteElo "2014"]
[BlackElo "2220"]
[WhiteTeam "Mersin Ezgi Satranc Kulubu"]
[BlackTeam "Kahramanmaras Buyuksehir Belediyesi Spor Kulubu"]
[WhiteFideId "13401238"]
[BlackFideId "6305776"]
[EventDate "2014.08.18"]

1. d4 Nf6 2. c4 g6 3. Nc3 Bg7 4. e4 d6 5. Be2 O-O 6. Bg5 Nbd7 7. Qd2 e5 8. Nf3
exd4 9. Nxd4 Nc5 10. f3 h6 11. Be3 a5 12. O-O Kh7 13. b3 Ng8 14. Rfe1 Ne7 15.
Bf1 Bd7 16. Rad1 b6 17. g3 Bc8 18. Bg2 Bb7 19. f4 Qd7 20. Bf2 Rae8 21. Re2 Qd8
22. Rde1 Ng8 23. Nd5 Nf6 24. Nb5 Nxd5 25. exd5 Rxe2 26. Qxe2 Ba6 27. Nd4 Bb7 28.
Nc2 Bc8 29. Bd4 Bd7 30. Qd2 Re8 31. Re3 Bxd4 32. Nxd4 Rxe3 33. Qxe3 Qf6 34. Bf1
Kg8 35. a3 Kf8 36. Bd3 Qe7 37. Qxe7+ Kxe7 38. Bc2 Kf6 39. Kf2 Ke7 40. Ke3 Kf6
41. Kf3 1/2-1/2

[Event "TCh-TUR Super League 2014"]
[Site "Kocaeli TUR"]
[Date "2014.08.22"]
[Round "5.2"]
[Board "6"]
[White "Isgandarova, Khayala"]
[Black "Kaya, Emel"]
[Result "1-0"]
[WhiteTitle "WIM"]
[BlackTitle "WCM"]
[WhiteElo "2190"]
[BlackElo "2000"]
[WhiteTeam "Kahramanmaras Buyuksehir Belediyesi Spor Kulubu"]
[BlackTeam "Mersin Ezgi Satranc Kulubu"]
[WhiteFideId "13401823"]
[BlackFideId "6306411"]
[EventDate "2014.08.18"]

1. e4 c5 2. Nf3 g6 3. d4 cxd4 4. Qxd4 Nf6 5. e5 Nc6 6. Qa4 Nd5 7. Qe4 Ndb4 8. c3
d5 9. Qe2 Na6 10. Nd4 Bg7 11. f4 O-O 12. Qf2 Nc7 13. Be2 f6 14. exf6 Bxf6 15.
Nxc6 bxc6 16. O-O e5 17. fxe5 Bxe5 18. Qxf8+ Qxf8 19. Rxf8+ Kxf8 20. Bh6+ Kg8
21. Nd2 Rb8 22. Nb3 Ne6 23. Bg4 Nf4 24. Bxc8 Rxc8 25. Re1 Nd3 26. Re3 Bf4 27.
Bxf4 Nxf4 28. g3 Nh3+ 29. Kg2 Ng5 30. Re7 Ne4 31. Nd4 Rf8 32. Kg1 c5 33. Ne6 Rf6
34. Nf4 Rf7 35. Re5 Rf5 36. Rxf5 gxf5 37. Nxd5 Kf7 38. Kg2 Ke6 39. Nf4+ Ke5 40.
Nd3+ Ke6 41. c4 Kd6 42. b3 a5 43. Kf3 Nd2+ 44. Kf4 a4 45. Kxf5 axb3 46. axb3
Nxb3 47. Nf2 Nd4+ 48. Kf6 Nc2 49. Ne4+ Kc6 50. Kg7 Ne3 51. Nd2 h6 52. Kxh6 Kd6
53. Kg5 Ke5 54. h4 1-0

[Event "TCh-TUR Super League 2014"]
[Site "Kocaeli TUR"]
[Date "2014.08.22"]
[Round "5.2"]
[Board "7"]
[White "Iskandarov, Misratdin"]
[Black "Dastan, Muhammed Batuhan"]
[Result "1/2-1/2"]
[WhiteTitle "IM"]
[BlackTitle "IM"]
[WhiteElo "2397"]
[BlackElo "2432"]
[WhiteTeam "Mersin Ezgi Satranc Kulubu"]
[BlackTeam "Kahramanmaras Buyuksehir Belediyesi Spor Kulubu"]
[WhiteFideId "13400312"]
[BlackFideId "6300014"]
[EventDate "2014.08.18"]

1. e4 c5 2. Nc3 d6 3. g3 Nc6 4. Bg2 g6 5. d3 Bg7 6. Be3 Rb8 7. Qd2 b5 8. Nge2
Nd4 9. O-O h5 10. Nd1 h4 11. c3 Nxe2+ 12. Qxe2 hxg3 13. fxg3 Be6 14. Nf2 Nf6 15.
Rfd1 Qc8 16. Bf3 d5 17. Bg5 dxe4 18. Nxe4 Nxe4 19. Qxe4 Qd7 20. d4 cxd4 21. cxd4
O-O 22. d5 Bf5 23. Qe2 e5 24. g4 e4 25. gxf5 Qxf5 26. Bxe4 Qxg5+ 27. Qg2 Qxg2+
28. Bxg2 Bxb2 29. Rab1 Ba3 30. d6 Rfd8 31. d7 Rb6 32. Rd5 Bd6 33. Rbxb5 Rxb5 34.
Rxb5 Rxd7 35. Rd5 Kf8 36. h4 Ke7 37. h5 gxh5 38. Rxh5 Rc7 39. Bd5 Rc5 40. Kf2 f6
41. Rh7+ Kd8 42. Be6 1/2-1/2

[Event "TCh-TUR Super League 2014"]
[Site "Kocaeli TUR"]
[Date "2014.08.22"]
[Round "5.2"]
[Board "8"]
[White "Cemhan, Kardelen"]
[Black "Ibrahimova, Sabina"]
[Result "0-1"]
[WhiteTitle "WCM"]
[BlackTitle "WIM"]
[WhiteElo "2019"]
[BlackElo "2263"]
[WhiteTeam "Kahramanmaras Buyuksehir Belediyesi Spor Kulubu"]
[BlackTeam "Mersin Ezgi Satranc Kulubu"]
[WhiteFideId "6325670"]
[BlackFideId "13403893"]
[EventDate "2014.08.18"]

1. e4 c5 2. Nf3 Nc6 3. d4 cxd4 4. Nxd4 g6 5. c4 Bg7 6. Be3 Nf6 7. Nc3 Ng4 8.
Qxg4 Nxd4 9. Qd1 Ne6 10. Qd2 O-O 11. Be2 b6 12. O-O Bb7 13. f3 d6 14. Rac1 a5
15. Nd5 Nc5 16. b3 e6 17. Nc3 Qe7 18. Na4 Qc7 19. Nxc5 dxc5 20. Rfd1 Rfd8 21.
Qe1 a4 22. b4 Be5 23. g3 a3 24. bxc5 bxc5 25. Qf2 Rac8 26. Rxd8+ Rxd8 27. Rd1
Rxd1+ 28. Bxd1 Qd6 29. Qd2 Bd4 30. Kf1 h5 31. Bf4 e5 32. Bg5 Qe6 33. Bb3 f6 34.
Be3 Ba6 35. Bxd4 Bxc4+ 36. Ke1 exd4 37. Qa5 Bxb3 38. axb3 Qxb3 39. Qd8+ Kg7 40.
Qc7+ Qf7 41. Qxc5 a2 42. Qa3 Kh7 43. Kd2 h4 44. Kd3 hxg3 45. hxg3 Qc7 46. Qxa2
Qc3+ 47. Ke2 Qe3+ 48. Kf1 Qxf3+ 49. Kg1 Qxg3+ 50. Kf1 Qf4+ 51. Kg1 d3 52. Qf7+
Kh6 53. Qf8+ Kg5 54. Qc5+ Kh4 0-1

[Event "TCh-TUR Super League 2014"]
[Site "Kocaeli TUR"]
[Date "2014.08.22"]
[Round "5.2"]
[Board "9"]
[White "Oner, Oguz"]
[Black "Yaran, Siar"]
[Result "1/2-1/2"]
[BlackTitle "CM"]
[WhiteElo "1787"]
[BlackElo "2041"]
[WhiteTeam "Mersin Ezgi Satranc Kulubu"]
[BlackTeam "Kahramanmaras Buyuksehir Belediyesi Spor Kulubu"]
[WhiteFideId "6329330"]
[BlackFideId "6323006"]
[EventDate "2014.08.18"]

1. d4 Nf6 2. c4 e6 3. Nf3 c5 4. Nc3 d5 5. e3 Nc6 6. cxd5 exd5 7. Be2 Be7 8. O-O
O-O 9. b3 Bg4 10. dxc5 Bxc5 11. Bb2 Re8 12. Rc1 Bb4 13. Nb5 Ne4 14. Nbd4 Qd6 15.
Nxc6 bxc6 16. Nd4 Bd7 17. Bd3 Qh6 18. Qc2 Bd6 19. g3 Rac8 20. Rfd1 Bb8 21. b4
Bd6 22. a3 Bg4 23. Re1 Bd7 24. Bf1 Ng5 25. Bg2 Bh3 26. Nf5 Bxf5 27. Qxf5 Ne6 28.
e4 dxe4 29. Bxe4 c5 30. Red1 Bf8 31. Rd7 Ng5 32. Bd5 Qg6 33. Qxg6 hxg6 34. h4
Ne6 35. b5 Re7 36. Bxe6 fxe6 37. Rxe7 Bxe7 38. Rc4 Bf6 39. Bc1 Bd4 40. Be3 Bxe3
41. fxe3 Kf7 42. Kf2 Kf6 43. Ke2 g5 44. hxg5+ Kxg5 45. Kd3 e5 46. Ke4 Kg4 47.
Kxe5+ Kxg3 48. Kd6 g5 49. Kd7 Rg8 50. Rxc5 Kf3 51. a4 g4 52. a5 g3 53. b6 axb6
54. axb6 g2 55. Rc1 g1=Q 56. Rxg1 Rxg1 57. b7 Rb1 58. Kc8 Kxe3 59. b8=Q Rxb8+
60. Kxb8 1/2-1/2

[Event "TCh-TUR Super League 2014"]
[Site "Kocaeli TUR"]
[Date "2014.08.22"]
[Round "52"]
[Board "10"]
[White "Dogan, Sevval"]
[Black "Mutlu, Beste"]
[Result "1-0"]
[WhiteElo "1651"]
[BlackElo "1629"]
[WhiteTeam "Kahramanmaras Buyuksehir Belediyesi Spor Kulubu"]
[BlackTeam "Mersin Ezgi Satranc Kulubu"]
[WhiteFideId "6322565"]
[BlackFideId "6325050"]
[EventDate "2014.08.18"]

1. e4 d6 2. d4 Nf6 3. Nc3 e5 4. Nf3 Nbd7 5. Bc4 Be7 6. O-O O-O 7. Re1 c6 8. a4
a5 9. h3 Nb6 10. Bb3 Nfd7 11. d5 Nc5 12. dxc6 bxc6 13. Ba2 Be6 14. Bxe6 fxe6 15.
Be3 Nbd7 16. Bxc5 Nxc5 17. Qe2 Qc7 18. Rad1 Bf6 19. Qe3 Rae8 20. b3 Qe7 21. Nb1
Qc7 22. Na3 Rb8 23. Nc4 Nb7 24. Qd2 Rbd8 25. Qe3 Rfe8 26. Re2 Re7 27. Qa7 c5 28.
Qb6 Qxb6 29. Nxb6 g6 30. Red2 Rc7 31. Nc4 Be7 32. Kf1 Kg7 33. h4 h6 34. g3 Rc6
35. Kg2 Kf7 36. Nfxe5+ dxe5 37. Nxe5+ Kg7 38. Nxc6 Rxd2 39. Rxd2 Bd6 40. e5 1-0

[Event "TCh-TUR Super League 2014"]
[Site "Kocaeli TUR"]
[Date "2014.08.22"]
[Round "5.3"]
[Board "1"]
[White "Harikrishna, Pentala"]
[Black "Yilmaz, Mustafa"]
[Result "1/2-1/2"]
[WhiteTitle "GM"]
[BlackTitle "GM"]
[WhiteElo "2725"]
[BlackElo "2569"]
[WhiteTeam "Istanbul Teknik Universitesi Socar – K.N.I."]
[BlackTeam "Hatay Buyuksehir Belediye Genclik VE Spor Kulubu"]
[WhiteFideId "5007003"]
[BlackFideId "6302718"]
[EventDate "2014.08.18"]

1. e4 c5 2. Nf3 d6 3. d4 cxd4 4. Nxd4 Nf6 5. Nc3 a6 6. a4 Nc6 7. Be2 g6 8. O-O
Bg7 9. Be3 O-O 10. Qd2 Bd7 11. f3 Rc8 12. Nxc6 Bxc6 13. a5 Qc7 14. Bb6 Qb8 15.
Rfd1 Nd7 16. Bd4 Qc7 17. Bxg7 Kxg7 18. Qd4+ Nf6 19. f4 e5 20. Qe3 exf4 21. Qxf4
Rcd8 22. Rd4 Rfe8 23. Rf1 Qe7 24. Bc4 Qe5 25. Qd2 Re7 26. Bd5 Bxd5 27. exd5 Rde8
28. Rb4 h6 29. Qf2 g5 30. Rd4 Qe3 31. Qxe3 Rxe3 32. Rb4 R3e7 33. Kf2 Rc8 34. Re1
Rd7 35. Ke3 Rxc3+ 36. bxc3 Nxd5+ 37. Kd4 Nxb4 38. cxb4 Kf8 39. Re3 Rc7 40. c4
Re7 41. Rh3 Re6 42. g4 Ke7 43. Kd5 Re5+ 44. Kd4 Re6 45. c5 Rf6 46. Kd5 Kd7 47.
Rh5 Re6 48. Rh3 Rf6 49. Rh5 Re6 50. Rh3 Rf6 51. Ke4 1/2-1/2